| 000 | 00788cam a22002054a 4500 | ||
|---|---|---|---|
| 005 | 20250605164145.0 | ||
| 008 | 250528s ||||||||||||||||||||||||d | ||
| 035 | _a19145 | ||
| 020 | _a5811195 | ||
| 040 |
_aGR-AtMCL _bgre _dGR-AtMCL _eAACR2 |
||
| 245 | 1 | _aCivil Engineering Handbook | |
| 250 | _a4th | ||
| 260 |
_bMcgraw Hill Book Company, _c1959 |
||
| 300 | _a1076 | ||
| 520 | _aContributors, Preface, Surveying, Railway and Highway and Airport Engineering, Mechanics of Materials, Hydraulics, Stresses in Framed Structures, Steel Design, Cement and Concrete, Reinforced Concrete, Soil Mechanics and Foundations, Sewerage and Sewage Disposal, Water Supply and Treatment, Index. | ||
| 700 | 1 |
_aChurch Urquhart Leonard _95387 |
|
| 942 | _cBK | ||
| 999 |
_c4423 _d4423 |
||